000 00674nam a2200205Ia 4500
003 GCL
008 140319s9999 xx 000 0 ara d
040 _aGCL /
_cGCL
082 0 4 _a811.008
_bم م
100 1 _aالمرزبانى : ابو عبيد الله محمد بن عمران بن موسى
245 1 0 _aمعجم الشعراء /
_cالمرزبانى : ابو عبيد الله محمد بن عمران بن موسى
700 1 _aكرنكو,ف
260 _a[S.N] :
_bدار الجيل ،
_c1991
300 _a455 ص
490 _a
650 0 4 _aالشعر العربى
650 0 4 _aالشعراء العرب
650 0 4 _aالتراجم
942 _2ddc
_cBK
999 _c37433
_d37433